| 000 | 00904nam a2200313Ia 4500 | ||
|---|---|---|---|
| 001 | Para_7878 | ||
| 003 | CHAP | ||
| 008 | 220125s1894 xx 000 0 und d | ||
| 010 | _a206827 | ||
| 040 | _cCHAP | ||
| 082 | _aPA-C 595.75 H4 | ||
| 100 |
_aLugger, Otto _968930 |
||
| 245 |
_aThe chinch-bug / _c by Otto Lugger |
||
| 260 |
_aMinnesota : _b Agricultural Experiment Station |
||
| 300 | _a30 p. | ||
| 440 |
_aHemiptera;8 _9173145 |
||
| 500 | _aEncuadernado con impresos similares | ||
| 650 |
_aChinche de los cereales _922578 |
||
| 650 |
_aHemÃpteros _x colecciones de escritos _9165786 |
||
| 650 |
_aTrigo _x plagas _9115076 |
||
| 710 |
_aMinnesota. Agr. Exp. Sta. Bulletin; 37 _9173146 |
||
| 901 | _aPA-C 595.75 H4 | ||
| 902 | _aA | ||
| 905 | _a0000001894 0000000000 00 | ||
| 910 | _a1894 | ||
| 942 | _cPARA | ||
| 942 |
_cPARA _d1 |
||
| 999 |
_c206827 _d206827 |
||